000
00212 a2200097 4500
001
51438
100
_a
Martin D D
245
_a
Electronic Data Processing
260
_a
Lahor
_b
Feroz S
_c
090
_c
32599
_d
32599
942
_a
NUST-CAE
_c
M
_c
25112
999
_c
286511
_d
286511